Rap-Text zu "Barbaras Rhabarberbar" - Statistiken

Allgemein
  • Dieses Quiz wurde 14 mal gespielt
    2 seit der letzten Aktualisierung
  • Das Durchschnittsergebnis liegt bei 69 aus 256
Antwortstatistiken
Antwort % Korrekt
Bar
100%
bar
100%
Barbara
100%
Barbara
100%
man
100%
Rhabarber
100%
sie
100%
Sie
100%
war
100%
als
50%
auch
50%
Barbaren
50%
Barbier-
50%
da
50%
Da
50%
das
50%
dazu
50%
den
50%
denn
50%
der
50%
Der
50%
die
50%
diese
50%
dieser
50%
da
50%
Es
50%
drastisch
50%
Drei
50%
drei
50%
ein
50%
eine
50%
erstarkte
50%
es
50%
Es
50%
für
50%
geradezu
50%
ich
50%
ihr
50%
Ja
50%
ja
50%
Kuchen
50%
nach
50%
Nachfrage
50%
nannte
50%
Rhabarberbar
50%
saßen
50%
und
50%
Und
50%
von
50%
abartig
0%
Abends
0%
Aber
0%
aber
0%
Aberakadabera
0%
alle
0%
alles
0%
an
0%
apart
0%
Arbeit
0%
aßen
0%
bald
0%
Barbapapa
0%
Barbaras
0%
Barbarei
0%
Barbarenbart
0%
Barbarenbart-
0%
Barbarenbartbarbier
0%
Barbarenfreunde
0%
barbarisches
0%
Barbershop
0%
Bart
0%
Bartbarbier
0%
behaart
0%
behauptete
0%
bei
0%
bekannt
0%
Bier
0%
bombastisch
0%
danach
0%
dank
0%
dann
0%
Darauf
0%
Daraufhin
0%
dass
0%
Tja
0%
einem
0%
einen
0%
eines
0%
einmal
0%
erfahren
0%
Erfahrung
0%
eröffnete
0%
fahren
0%
fast
0%
fein
0%
Folgejahren
0%
fortan
0%
frisierte
0%
fürchterlicher
0%
gab
0%
ganz
0%
ganzen
0%
gar
0%
Gebaren
0%
gemeinsam
0%
getaner
0%
glaub
0%
guten
0%
harte
0%
hatten
0%
ihre
0%
ihren
0%
im
0%
in
0%
In
0%
Jahr
0%
jeden
0%
jeder
0%
kam
0%
kleinen
0%
konnte
0%
Kopp
0%
Laberkopp
0%
Land
0%
lebte
0%
ließen
0%
luden
0%
Mädchen
0%
magische
0%
Männer
0%
nahbar
0%
namens
0%
nem
0%
nicht
0%
noch
0%
ohne
0%
paar
0%
Polizei
0%
Rhabarberbarbarbaren
0%
Rhabarberkuchen
0%
sagen
0%
schickte
0%
seinem
0%
selben
0%
sogar
0%
Stadt
0%
Städtchen
0%
stark
0%
struppigen
0%
Stück
0%
sympathischer
0%
Tag
0%
tiptop
0%
total
0%
tranken
0%
waren
0%
wart
0%
Wenn
0%
wo
0%
wurden
0%
zum
0%
zwar
0%
zwei
0%
Keine übereinstimmenden Quizze gefunden
Verteilung der Resultate
Anzahl Personen mit jedem Resultat
Perzentil nach korrekt beantworteten Fragen
Ihre Resultats-Entwicklung
Sie haben dieses Quiz seit der letzten Aktualisierung nicht gespielt